书目信息 |
| 题名: |
历代名臣奏议
|
|
| 作者: | 黄淮 , 杨士奇 编 | |
| 分册: | 三 | |
| 出版信息: | 上海 上海古籍出版社 1989.10 |
|
| 页数: | 1997-3191页 | |
| 开本: | 26厘米 | |
| 丛书名: | ||
| 单 册: | ||
| 中图分类: | K206.5 | |
| 科图分类: | ||
| 主题词: | 奏议--中国--古代 | |
| 电子资源: | ||
| ISBN: | 7-5325-0023-3 | |
| 000 | 00757nam 2200241 45 | |
| 001 | 0190001449 | |
| 005 | 20061115103319.04 | |
| 010 | @a7-5325-0023-3@b精装@dCNY57.00 | |
| 100 | @a19900919d1989 km y0chiy0120 ea | |
| 101 | 0 | @achi |
| 102 | @aCN@b310000 | |
| 105 | @ay z 001yy | |
| 200 | 10 | @a历代名臣奏议@ALI DAI MING CHEN ZOU YI@h三@f(明)黄 淮,杨士奇编@F( MING ) HUANG HUAI , YANG SHI QI BIAN |
| 210 | @a上海@c上海古籍出版社@d1989.10 | |
| 215 | @a1997-3191页@d26厘米 | |
| 300 | @a附篇名目录 作者索引 | |
| 540 | 1 | @a历代 名臣 奏议@ALI DAI MING CHEN ZOU YI |
| 606 | @a奏议@y中国@z古代 | |
| 690 | @aK206.5 | |
| 701 | 0 | @a黄淮@AHUANG HUAI@4编 |
| 701 | 0 | @a杨士奇@AYANG SHI QI@4编 |
| 801 | 0 | @aCN@bTSSF@c20061115 |
| 905 | @a10447@dK206.5@e39:3 | |
| 历代名臣奏议.三/(明)黄 淮,杨士奇编.-上海:上海古籍出版社,1989.10 |
| 1997-3191页;26厘米 |
| 附篇名目录 作者索引 |
| ISBN 7-5325-0023-3(精装):CNY57.00 |
| ● |
| 相关链接 |
|
|
|
|
正题名:历代名臣奏议
索取号:K206.5/39:3
 
预约/预借
| 序号 | 登录号 | 条形码 | 馆藏地/架位号 | 状态 | 备注 |
| 1 | 0231504 | 001274203 | 第二样本阅览室/ [索取号:K206.5/39:3] | 在馆 |